000
00229nam a22000857a 4500
008
170616b xxu||||| |||| 00| 0 eng d
100
_9
3443
_a
Hussain. S. A
245
_a
The national culture of india
260
_a
New Delhi
_b
N. B. T
_c
2008
999
_c
6818
_d
6818